[Event "Fall Chess Classic 2017-B"]
[Site "Saint Louis"]
[Date "2017.09.07"]
[Round "1"]
[White "Pichot, Alan"]
[Black "Friedel, Joshua E"]
[Result "1/2-1/2"]
[WhiteElo "2565"]
[BlackElo "2547"]
[Annotator "TA"]
[PlyCount "144"]
[EventDate "2017.??.??"]
[EventType "tourn"]
[EventCountry "USA"]
[SourceTitle "playchess.com"]
[Source "ChessBase"]
[SourceQuality "1"]

{[%evp 18,144,8,0,14,13,21,12,33,20,37,0,15,16,16,-3,-7,0,15,14,22,0,0,0,0,-13,-6,-10,-12,-19,0,-6,2,0,0,-8,0,-10,-10,-10,-9,-10,-9,-21,-22,-13,-20,-56,-10,-9,-9,-25,-8,-52,-52,-50,-47,-155,-150,-146,-141,-266,-266,-262,-265,-262,-259,-256,-260,-260,-260,-262,-260,-242,-252,-329,-330,-291,-278,-243,-166,-177,-93,-90,0,8,8,8,8,8,8,0,8,8,8,8,8,8,8,0,0,0,0,0,0,0,0,0,0,0,0,0,0,0,0,0,0,0,0,0,0,0,0,0,0,0,0,0,0]} 1. e4 e5 2. Nf3 Nc6 3. Bb5 Nf6 4. O-O Nxe4 5. Re1 Nd6 6. Nxe5 Be7 7. Bd3 Nxe5 8. Rxe5 O-O 9. Nc3 c6 {C67: Ruy Lopez: Berlin Defence: 4 0-0 Nxe4} 10. Re1 {LiveBook: 5 Games} Re8 $146 ({Predecessor:} 10... Ne8 11. Qe2 Bd6 12. b3 Bc7 13. Ba3 d6 14. Qh5 Nf6 15. Qh4 h6 16. Ne4 Nxe4 17. Qxe4 {1-0 (27) Dominguez Perez,L (2732)-Fressinet,L (2700) Huaian 2016}) 11. b3 Bf8 12. Ba3 Re6 13. Qf3 g6 14. Qf4 Be7 15. Ne2 Ne8 {[%cal Bd6e8,Be8g7,Bg7e6,Be6c5][%mdl 32]} 16. Bb2 Bg5 17. Qg3 (17. Qd4 $2 Bf6 $19) 17... Bf6 18. Bxf6 Qxf6 19. Nf4 Rxe1+ 20. Rxe1 Ng7 $1 21. Qe3 d6 22. c3 Bd7 23. Ne2 Ne6 24. Qg3 Nc5 25. Bc2 Re8 26. f3 Bf5 27. Nd4 Rxe1+ 28. Qxe1 Bxc2 29. Nxc2 Ne6 30. Ne3 h5 31. d4 d5 32. h4 Qf4 33. Qf2 a5 34. g3 Qd6 35. f4 Ng7 36. Qd2 Qe6 37. Qd3 (37. c4 $15) 37... Qh3 $17 38. Nf1 Nf5 39. Qf3 {[#]} (39. c4 $17) 39... Nxh4 $1 $19 {[%mdl 512]} 40. Qe2 (40. gxh4 Qxf3) 40... Nf5 41. Qe8+ Kg7 42. Qe5+ Kh7 43. Qc7 Nh6 $1 ({Not} 43... Nxg3 44. Qxf7+ Kh8 45. Qf8+ Kh7 46. Qf7+ Kh8 47. Qf8+ Kh7 48. Qf7+ $11) 44. Qxb7 {[#]} Qe6 $1 45. Qa6 Qe4 46. Qxc6 Ng4 {And now ...Qe2 would win.} 47. Qc7 Kg7 48. f5 Qxf5 {( -> ...Qf2+)} ({Less strong is} 48... Qf3 49. Qf4 $17) 49. Qf4 Qd3 (49... Qb1 $19 50. Qd2 Nf6) 50. Qd2 $17 Qxd2 (50... Qb1 $17 51. c4 {[#]} a4 $1 {[%mdl 512]}) 51. Nxd2 {[%mdl 4096] Endgame KN-KN. The position is equal.} Kf6 52. a4 Ke6 53. b4 Ne3 54. Nb3 Nd1 55. bxa5 Kd6 ({Wrong is} 55... Nxc3 $2 56. a6 $18) 56. a6 Kc7 $1 57. c4 dxc4 58. Nc5 (58. Na5 $5 {[%cal Ra6a7]} Kb6 59. Nxc4+ Kxa6 60. Ne5 $11) 58... Kb6 {...Ne3 is the strong threat.} 59. d5 Nc3 $1 {[%cal Rc3d5]} 60. d6 {aiming for d7.} Ne2+ $1 61. Kf2 Nd4 62. Nd7+ Kxa6 63. Ne5 c3 64. d7 Ne6 {Threatens to win with ...c2.} 65. Ke3 Nd8 66. Kd3 g5 67. Kxc3 h4 68. gxh4 gxh4 69. Kd4 h3 70. Nf3 Kb6 71. Ke5 Kc7 72. Kf4 Kxd7 {Precision: White = 64%, Black = 69%.} 1/2-1/2

[Event "Fall Chess Classic 2017-B"]
[Site "Saint Louis"]
[Date "2017.09.06"]
[Round "1"]
[White "Ramirez, Alejandro"]
[Black "Pavlidis, Antonios"]
[Result "1-0"]
[WhiteElo "2563"]
[BlackElo "2536"]
[Annotator "TA"]
[PlyCount "83"]
[EventDate "2017.??.??"]
[EventType "tourn"]
[EventCountry "USA"]
[SourceTitle "playchess.com"]
[Source "ChessBase"]
[SourceQuality "1"]

{[%evp 23,83,35,26,33,48,45,47,36,27,14,48,44,44,49,37,43,44,47,46,0,0,0,16,16,16,16,44,45,44,45,47,37,35,33,77,85,96,96,96,96,180,171,224,222,296,289,306,306,306,299,297,299,299,297,446,441,433,426,347,298,767,751]} 1. e4 c5 2. Nf3 e6 3. d4 cxd4 4. Nxd4 Nc6 5. Nc3 Qc7 6. Be3 a6 7. Qd2 Nf6 8. f4 {B48: Sicilian: Taimanov: 5 Nc3 Qc7 6 Be3 a6 without Be2} Bb4 9. Bd3 Na5 10. a3 Bxc3 11. Qxc3 Qxc3+ 12. bxc3 d5 {LiveBook: 55 Games} 13. exd5 Nxd5 14. Bd2 {Strongly threatening c4.} Nb6 15. Rb1 {[%cal Ba1b1,Bb1b4,Bb4c4][%mdl 32]} Nbc4 {[#]} 16. Rb4 $146 e5 (16... Nxd2 {feels hotter.} 17. Kxd2 Bd7 18. Be4 O-O-O 19. Rhb1 b5) 17. Bxc4 Nxc4 18. Rxc4 exd4 19. cxd4 {[%cal Bc3d4,Bd4d5,Bd5d6][%mdl 32]} O-O 20. d5 Bf5 21. Ba5 Rac8 $1 22. Rc7 Rxc7 (22... b6 $5 23. Bxb6 Rb8 $14) 23. Bxc7 Bxc2 $11 {[%mdl 4096] Endgame KRB-KRB} 24. Kd2 Be4 25. d6 Bc6 26. Rc1 {Hoping for Rxc6!} Bd7 $1 27. Kd3 Re8 28. Kd4 f6 29. Ba5 $1 Kf7 30. Rc7 Ke6 31. Kc5 Rc8 (31... g6 $16) 32. Kb6 $18 f5 {[#]} (32... Rd8 {keeps fighting.} 33. Bb4 (33. Kxb7 Kxd6 34. Bb4+ Ke6 $16) 33... a5) 33. Bb4 $1 ({But not} 33. Kxb7 $6 Re8 $16) ({Stronger than} 33. Rxb7 Rc2 $11) 33... a5 34. Kxa5 Rg8 35. Kb6 (35. Rxb7 g5 $16) 35... g5 36. Rc2 ({Weaker is} 36. Kxb7 gxf4 37. Rc2 Ba4 $16) 36... Bc6 37. Re2+ Be4 {[#]} 38. g4 $1 Rg7 (38... gxf4 {was worth a try.} 39. gxf5+ Kxf5) 39. gxf5+ Kxf5 40. fxg5 Bc6 41. h4 Kg4 $2 (41... Ba4 42. Bc3 Rd7 43. Re5+ Kg6 44. Re6+ Kh5) 42. Rc2 {Precision: White = 95%, Black = 45%.} 1-0

[Event "Fall Chess Classic 2017-B"]
[Site "Saint Louis"]
[Date "2017.09.07"]
[Round "1"]
[White "Shabalov, Alexander"]
[Black "Prasanna Raghuram Rao"]
[Result "1/2-1/2"]
[WhiteElo "2563"]
[BlackElo "2464"]
[Annotator "TA"]
[PlyCount "105"]
[EventDate "2017.??.??"]
[EventType "tourn"]
[EventCountry "USA"]
[SourceTitle "playchess.com"]
[Source "ChessBase"]
[SourceQuality "1"]

{[%evp 21,105,0,20,26,53,42,75,63,54,52,50,66,57,62,77,50,48,60,50,35,58,0,0,0,24,22,47,42,50,54,44,17,45,4,25,0,0,0,0,0,25,9,24,0,0,0,0,0,7,22,20,8,5,8,22,21,23,20,23,16,18,10,34,0,0,0,0,0,156,167,169,168,131,160,172,176,158,158,152,157,133,0,0,0,142,0]} 1. e4 c5 2. Nf3 e6 3. d4 cxd4 4. Nxd4 Nc6 5. Nc3 Qc7 6. Be3 Nf6 7. Bd3 a6 8. O-O Nxd4 9. Bxd4 Bc5 10. Bxc5 Qxc5 11. Kh1 b5 {LiveBook: 31 Games. B48: Sicilian: Taimanov: 5 Nc3 Qc7 6 Be3 a6 without Be2} (11... d6 12. Qe1 e5 13. Na4 Qc6 14. Qb4 Be6 15. c4 Nxe4 16. Bxe4 Qxe4 17. Qxd6 Rd8 18. Qa3 Qxc4 19. Rfd1 Rxd1+ 20. Rxd1 {½-½ (42) Carlsen,M (2802)-Mamedyarov,S (2763) Moscow 2010}) 12. Qe2 {e5 is the strong threat.} Bb7 13. e5 $1 {[%cal Re5f6]} b4 {White is slightly better.} 14. exf6 bxc3 15. fxg7 Rg8 16. b4 Rxg7 17. f3 (17. bxc5 $2 {leads to mate.} Bxg2+ 18. Kg1 Bf3+ 19. Bg6 Rxg6#) 17... Qc7 $146 ({Predecessor:} 17... Qg5 18. a4 {½-½ (29) Komiagina,M (2287)-Dvoretska,O (2212) Kharkov 2003}) 18. Rad1 Ke7 19. Be4 Rag8 20. Rf2 Rg5 21. Bxb7 (21. f4 $14 Rg4 22. h3) 21... Qxb7 $11 22. Qc4 Qc6 (22... Rd5 $5 {[%cal Rd5d1]} 23. Re1 Qb6 24. Qh4+ Ke8 $14) 23. Qh4 Ke8 24. Qxh7 Qb6 25. Re2 Qxb4 26. Qd3 Qb5 27. Qd4 R8g6 (27... Ke7 $5 {[%cal Rb5e2]} 28. Qd6+ Kf6 $11) 28. Rde1 Qc5 29. Qd3 a5 (29... Rd5 $5 {[%cal Rd5d3]} 30. Qxa6 Rd2 $11) 30. Rd1 Qc7 31. f4 Rc5 32. f5 Rf6 33. fxe6 fxe6 34. Re4 Rf7 35. h3 Qc6 36. Rde1 (36. Qd4 $5 {[%cal Re4e6]} Rcf5 37. Kg1 $11) 36... Rg5 {Threatens to win with ...Rf2.} 37. Qe3 Rgf5 38. Qg3 Qc5 39. Kh2 $36 {[%mdl 2048] White has some pressure.} Rg5 40. Re5 Rxe5 41. Rxe5 {[%mdl 4096] Endgame KQR-KQR} Qd4 $1 42. Qg8+ ({Don't take} 42. Rxa5 $6 Rg7 $16) 42... Ke7 43. Qg5+ ({Avoid the trap} 43. Rxa5 $2 Rg7 $19) 43... Kd6 44. Rxa5 (44. Re3 $5 {[%cal Re3d3]} Rg7 45. Rd3 Rxg5 46. Rxd4+ Rd5 47. Rc4 $16) 44... Rf2 $2 (44... e5 $11) 45. Ra6+ $16 Kc7 46. Qa5+ Kb7 {( -> ...Qf4+)} 47. Qb5+ Kc7 {[#]} 48. Ra4 $1 {[%cal Ra4d4]} Qd6+ 49. Kg1 Rf5 50. Qc4+ Rc5 51. Qe2 Rd5 $1 {[%cal Rd5d1] [#] Strongly threatening ...Rd1+.} 52. Qc4+ Rc5 $1 {[%cal Rc5c4]} 53. Qe2 {Precision: White = 63%, Black = 63%.} ({White should try} 53. Qg4 $16) 1/2-1/2

[Event "Fall Chess Classic 2017-B"]
[Site "Saint Louis"]
[Date "2017.09.06"]
[Round "1"]
[White "Arribas Lopez, Angel"]
[Black "Chandra, Akshat"]
[Result "1-0"]
[WhiteElo "2505"]
[BlackElo "2481"]
[Annotator "TA"]
[PlyCount "75"]
[EventDate "2017.??.??"]
[EventType "tourn"]
[EventCountry "USA"]
[SourceTitle "playchess.com"]
[Source "ChessBase"]
[SourceQuality "1"]

{[%evp 11,75,-9,-5,-21,-2,-57,-32,-52,-25,-36,-46,-33,-34,-47,-52,-52,-54,-56,-56,-55,-44,-43,-34,-22,-36,-57,104,99,98,99,113,27,77,59,52,0,14,24,49,-6,104,106,158,100,331,315,350,375,375,377,351,366,827,826,802,801,844,826,1025,1011,29989,29990,29990,29991,29992,29991]} 1. e4 e6 2. Qe2 c5 3. g3 Nc6 4. Bg2 g6 5. d3 Bg7 6. c3 {C00: French: Unusual White 2nd moves} Nge7 {LiveBook: 14 Games} 7. h4 h5 8. Nh3 ({Better is} 8. Na3 $11) 8... d6 9. Na3 $146 ({Predecessor:} 9. Nd2 Rb8 10. a4 a6 11. Nc4 b5 12. axb5 axb5 13. Ne3 {0-1 (42) Klinger,J (2490)-Summermatter,D (2220) Zug 1987}) 9... Rb8 10. O-O b5 11. Bf4 O-O 12. Rad1 e5 {White must now prevent ...Bg4.} 13. Be3 Bg4 14. f3 Be6 15. Ng5 Bxa2 16. b4 Bb3 17. Rb1 cxb4 18. cxb4 f6 $2 (18... Ba4 $1 $15 {keeps the upper hand.}) 19. Rxb3 $16 fxg5 20. hxg5 d5 21. Rbb1 ({White should play} 21. Nc2 $16) 21... Nd4 22. Qa2 (22. Bxd4 $5 exd4 23. f4 $14) 22... Kh8 23. f4 ({White should try} 23. Bxd4 $14 exd4 24. f4) 23... dxe4 24. dxe4 Qd7 25. Kh2 (25. Rbd1 $14) 25... a5 (25... exf4 $11 {remains equal.} 26. gxf4 Nec6) 26. bxa5 b4 {[#]} (26... exf4 $142 27. Rxf4 (27. gxf4 Nec6 $16) 27... Be5) 27. Nc4 $36 {[%mdl 2048] Black is under strong pressure.} (27. Bxd4 $142 $1 Qxd4 28. f5 gxf5 29. Qe6) 27... Qe6 $2 (27... b3 $16 28. Qd2 exf4 29. Rxf4 (29. gxf4 Rfd8 $16) 29... Rfd8) 28. Bh3 $18 (28. fxe5 Rxf1 29. Bxf1 (29. Rxf1 b3 $16) 29... Nec6 $16) 28... Qc6 {Hoping for ...b3.} 29. Bxd4 $1 ({Less strong is} 29. Nxe5 Bxe5 30. fxe5 Nf3+ 31. Kh1 Qxe4 $16) 29... exd4 30. f5 b3 31. Qe2 Rfc8 $2 (31... Rb4) 32. fxg6 Qxg6 33. Bxc8 Rxc8 34. Rxb3 Rd8 {[#]} 35. a6 $1 Qxa6 36. Qxh5+ {White mates.} Kg8 37. Qf7+ Kh7 38. Rb6 {Precision: White = 44%, Black = 24%.} 1-0

[Event "Fall Chess Classic 2017-B"]
[Site "Saint Louis"]
[Date "2017.09.07"]
[Round "1"]
[White "Abrahamyan, Tatev"]
[Black "Ni, Shiqun"]
[Result "0-1"]
[WhiteElo "2333"]
[BlackElo "2426"]
[Annotator "TA"]
[PlyCount "124"]
[EventDate "2017.??.??"]
[EventType "tourn"]
[EventCountry "USA"]
[SourceTitle "playchess.com"]
[Source "ChessBase"]
[SourceQuality "1"]

{[%evp 13,124,38,48,24,26,24,19,14,19,8,30,0,0,0,2,0,11,0,0,0,0,0,14,0,0,0,0,0,0,0,0,-6,-7,-7,-13,-6,-7,-14,-14,-15,-5,-15,-4,-4,-4,-17,-15,-395,0,0,0,-1968,-1510,-1208,-246,-6090,-5193,-6105,-6111,-6105,-5939,-6083,-5206,-5085,0,0,0,0,0,-2368,-2244,-2297,-2299,-2299,-2279,-2162,-1220,-2270,-2267,-2253,-2196,-2196,-2196,-2094,-2118,-2075,-2083,-2072,-1322,-1848,-1554,-2064,-1506,-2064,-910,-1791,-1611,-3062,-1757,-12775,-10217,-29973,-29975,-29976,-29977,-29980,-29980,-29979,-29982,-29982,-29983,-29982,-29981]} 1. e4 e5 2. Nf3 Nf6 {[%cal Bg8f6,Bf6e4,Be4c3][%mdl 32]} 3. Nxe5 d6 4. Nf3 Nxe4 5. d4 d5 6. Bd3 Bf5 {C42: Petroff Defence: 3 Nxe5 and unusual White 3rd moves} (6... Bd6 7. O-O O-O 8. c4 c6 9. Nc3 Nxc3 10. bxc3 dxc4 11. Bxc4 Bf5 12. Re1 Nd7 13. Bg5 Qa5 14. Qb3 b5 15. Bf1 Rfe8 16. c4 Be6 17. Qc2 bxc4 18. Bxc4 Bxc4 19. Qxc4 Qd5 {½-½ (30) Anand,V (2783)-Caruana,F (2807) Saint Louis 2017}) 7. O-O Be7 {LiveBook: 71 Games} 8. Nc3 O-O {White has an edge.} 9. Re1 {[%cal Rc3e4]} Nxc3 $1 10. bxc3 Bxd3 11. Qxd3 Nc6 {[%cal Bb8c6,Bc6a5,Ba5c4][%mdl 32]} 12. Re2 Na5 13. Bf4 Bf6 14. Rae1 Nc4 15. Be5 c6 16. Bxf6 Qxf6 17. Ne5 Nxe5 18. Rxe5 b5 19. Qg3 $146 ({Find the theoretical novelty and annotate with similar games:} 19. Qd1 a6 20. g3 {½-½ (47) Szenczy,S-Signes Almodovar,S LSS email 2006}) 19... a5 20. h4 Qd6 21. h5 h6 22. Rg5 Qxg3 23. Rxg3 $11 {[%mdl 4096] Endgame KRR-KRR} Rfe8 24. Kf1 Kf8 25. Rge3 Rxe3 26. Rxe3 {KR-KR} Re8 27. Ke2 Rxe3+ 28. Kxe3 {KP-KP} Ke7 29. g4 Ke6 30. f4 $2 {[%mdl 8192]} (30. Kf4 $11) 30... g6 $2 (30... Kf6 $1 $19 {And now ...g6 would win.} 31. Ke2 g6 32. hxg6 Kxg6 33. f5+ Kg5) 31. hxg6 $1 fxg6 32. a3 $2 {[%mdl 8192]} (32. Kf3 $11) 32... Kf7 33. Kf3 h5 $2 (33... Kf6 34. Kg3 Ke6) 34. Kg3 $2 (34. f5 h4 35. Kg2) 34... hxg4 $19 35. Kh4 Ke6 36. Kxg4 {[#]} Kf6 $1 37. Kg3 Kf5 38. Kf3 Ke6 $2 (38... a4 $19 39. Kg3 Ke4) 39. Kg4 $1 $11 Kf6 40. Kg3 $1 Kf5 $2 {[%mdl 8192]} (40... g5 $11) 41. Kf3 $19 a4 42. Kg3 c5 43. dxc5 {[#]} d4 $1 {[%cal Rd4c3][%mdl 512]} 44. c6 (44. cxd4 b4) 44... Ke6 45. Kg4 dxc3 46. Kg5 {[#]} b4 $1 {[%mdl 512]} 47. Kxg6 (47. axb4 a3) 47... b3 48. f5+ Kd6 49. f6 bxc2 {K3P-K3P} 50. f7 c1=Q {( -> ...Ke7)} 51. f8=Q+ Kxc6 {KQ-KQ} 52. Qc8+ Kd6 53. Qa6+ Kd5 (53... Kc5 $142 54. Qa7+ Kc4 55. Qxa4+ Kd3 56. Qb5+ Kd2) 54. Qb5+ Kd4 55. Qxa4+ Kd3 56. Qb5+ Kc2 57. a4 Qb1 {Black mates.} 58. Kf7 Qb3+ 59. Ke7 Kb2 60. Qe5 Ka2 61. a5 c2 62. Qe1 Qa3+ {Precision: White = 35%, Black = 77%.} 0-1

[Event "Fall Chess Classic 2017-B"]
[Site "Saint Louis"]
[Date "2017.09.07"]
[Round "2"]
[White "Pichot, Alan"]
[Black "Shabalov, Alexander"]
[Result "1-0"]
[WhiteElo "2565"]
[BlackElo "2563"]
[Annotator "TA"]
[PlyCount "79"]
[EventDate "2017.??.??"]
[EventType "tourn"]
[EventCountry "USA"]
[SourceTitle "playchess.com"]
[Source "ChessBase"]
[SourceQuality "1"]

{[%evp 21,79,47,62,71,58,60,52,55,43,41,99,74,78,79,102,102,118,85,77,88,122,94,131,122,143,127,137,150,220,209,216,195,370,357,365,358,346,352,327,314,386,374,377,307,321,293,297,244,250,237,301,303,462,487,460,468,508,504,504,495]} 1. e4 c5 2. Nf3 d6 3. d4 cxd4 4. Nxd4 Nf6 5. Nc3 g6 6. Be3 a6 7. f3 {B72: Sicilian Dragon: 6 Be3, lines with h3+Bc4 and sidelines} b5 8. Qd2 Bb7 9. a4 (9. g4 h6 10. O-O-O Nbd7 11. h4 Rc8 12. Bd3 b4 13. Nce2 e5 14. Nb3 d5 15. exd5 Nxd5 {1-0 (33) Caruana,F (2817)-Shabalov,A (2556) Saint Louis 2017}) 9... b4 10. Na2 e5 11. Qxb4 Qc7 {LiveBook: 3 Games} 12. Nb3 d5 13. Qc3 Nc6 $1 14. Bg5 {[%cal Be3g5,Bg5h4,Bh4f2,Bf2g3][%mdl 32]} d4 {[#]} 15. Qd2 $146 Nd7 ({Better is} 15... Nh5 $14) 16. Bd3 h6 17. Bh4 a5 18. O-O Bg7 19. c3 O-O 20. Bf2 Rfd8 21. Rac1 Qd6 22. cxd4 exd4 23. Bg3 Qe7 24. Bb5 Ndb8 (24... Qe6 $16 {was called for.}) 25. Nc5 $18 Bc8 26. Nd3 {[%cal Bc5d3,Bd3f4,Bf4d5,Bd5e7][%mdl 32]} Qe6 $2 {[#]} (26... Ne5 27. Bxe5 Bxe5) 27. b4 axb4 28. Naxb4 (28. Ndxb4 Na5 $18) 28... Nxb4 29. Qxb4 Bf8 30. Qd2 Ba6 31. Nf4 Qb3 32. Rb1 Qc3 33. Qxc3 dxc3 34. Nd5 c2 {[#] White must now prevent ...Bc5+.} 35. Rb2 $1 {[%cal Rb2c2]} Rc8 36. Rc1 Bc5+ (36... Ba3 $142 37. Rbxc2 Bxc1 38. Ne7+ Kf8 39. Nxc8 Be3+ 40. Kf1 Nc6 41. Bd6+ Kg7 42. Rxc6 Bxc8 43. Be5+ Kf8) 37. Kf1 {White is clearly winning.} Ba3 38. Rcxc2 Bxb2 39. Ne7+ ({Weaker is} 39. Rxb2 Ra7 $18) 39... Kg7 40. Nxc8 {Precision: White = 70%, Black = 56%.} 1-0

[Event "Fall Chess Classic 2017-B"]
[Site "Saint Louis"]
[Date "2017.09.07"]
[Round "2"]
[White "Friedel, Joshua E"]
[Black "Chandra, Akshat"]
[Result "1/2-1/2"]
[WhiteElo "2547"]
[BlackElo "2481"]
[Annotator "TA"]
[PlyCount "77"]
[EventDate "2017.??.??"]
[EventType "tourn"]
[EventCountry "USA"]
[SourceTitle "playchess.com"]
[Source "ChessBase"]
[SourceQuality "1"]

{[%evp 13,77,-13,-4,-8,-1,-17,-14,-33,-25,-25,0,0,0,0,0,0,0,-18,-24,-18,-10,-17,-8,-14,-8,-8,-4,-9,-8,-24,0,0,0,-12,-14,-40,-39,-24,-31,-35,-35,-35,-37,-37,-37,-36,-24,-32,-24,-41,-35,-41,-35,-37,-24,-24,-24,-24,-24,-24,-2,-24,-24,-24,-24,-24]} 1. d4 d5 2. c4 e6 3. Nf3 Nf6 4. e3 b6 5. cxd5 (5. Nc3 Bb7 6. cxd5 Nxd5 7. Bb5+ c6 8. Bd3 g6 9. O-O Bg7 10. e4 Ne7 11. Bg5 O-O 12. Qc1 Nd7 13. Rd1 Rc8 14. e5 c5 {0-1 (52) Kramnik,V (2809)-Hou,Y (2651) Medias 2016}) 5... exd5 6. Bb5+ {E14: Queen's Indian: Classical Variation (4 e3)} c6 7. Bd3 Bd6 {LiveBook: 4 Games} 8. O-O {The position is equal.} O-O 9. Nc3 Re8 $146 ({Predecessor:} 9... Qe7 10. Qc2 Re8 11. b3 Bb7 12. Bb2 Nbd7 13. Bf5 g6 14. Bh3 h5 {½-½ (37) Petrosyan,M (2480)-Hammer,J (2689) Gjakova 2016}) 10. Re1 Ne4 11. Ne5 Bxe5 12. dxe5 Nxc3 13. bxc3 Nd7 {[%cal Bb8d7,Bd7c5,Bc5d3][%mdl 32]} 14. f4 $1 Nc5 15. Bb2 Nxd3 16. Qxd3 Qd7 17. e4 dxe4 18. Qxe4 Qd5 19. Qxd5 cxd5 20. a4 Bf5 21. a5 bxa5 22. Rxa5 Reb8 23. Ba3 Rb3 24. Bc5 Rxc3 25. Bxa7 Be4 26. Re2 h5 27. Kf2 Kh7 28. Bd4 Rxa5 29. Bxc3 $15 {[%mdl 4096] Endgame KRB-KRB} Ra3 30. Bb2 Rb3 31. Bc1 Kg6 32. Ra2 Rc3 33. Bd2 Rc2 34. Rxc2 Bxc2 35. Ke3 Kf5 36. h3 Be4 37. g4+ hxg4 38. hxg4+ Kxg4 39. Bc3 {Precision: White = 59%, Black = 76%.} 1/2-1/2

[Event "Fall Chess Classic 2017-B"]
[Site "Saint Louis"]
[Date "2017.09.07"]
[Round "2"]
[White "Pavlidis, Antonios"]
[Black "Arribas Lopez, Angel"]
[Result "1-0"]
[WhiteElo "2536"]
[BlackElo "2505"]
[Annotator "TA"]
[PlyCount "129"]
[EventDate "2017.??.??"]
[EventType "tourn"]
[EventCountry "USA"]
[SourceTitle "playchess.com"]
[Source "ChessBase"]
[SourceQuality "1"]

{[%evp 36,129,50,50,52,39,49,48,47,22,23,35,32,28,32,0,37,0,18,25,39,44,36,32,30,31,33,32,63,61,89,93,99,93,274,214,199,173,340,324,339,318,333,340,312,247,261,214,251,254,243,241,230,229,266,265,231,228,368,148,155,148,155,141,155,155,155,155,153,0,84,0,153,153,139,139,138,138,131,123,653,638,671,637,560,381,1938,1781,6552,6281,5789,4631,29977,29976,7006,6613]} 1. e4 c5 2. Nf3 d6 3. d4 cxd4 4. Nxd4 Nf6 5. Nc3 g6 6. Be3 Bg7 7. f3 Nc6 8. Qd2 O-O 9. O-O-O d5 10. Qe1 e5 11. Nxc6 bxc6 12. exd5 cxd5 13. Bg5 Be6 14. Bc4 Qb6 {B76: Sicilian Dragon: Yugoslav Attack, 9 g4 and 9 0-0-0} (14... Qc7 15. Bxf6 dxc4 16. Bxg7 Kxg7 17. Nd5 Bxd5 18. Rxd5 Rfe8 19. Qc3 Kg8 20. Qa5 Qe7 21. Re1 Qh4 22. Rdxe5 Rxe5 23. Qxe5 {½-½ (65) Leko,P (2741)-Carlsen,M (2765) Miskolc 2008}) 15. Bxf6 Bxf6 16. Nxd5 Bxd5 17. Rxd5 e4 18. Rb5 Qc7 19. Qxe4 {LiveBook: 3 Games} Rae8 20. Qd3 Qf4+ 21. Kb1 {aiming for g3.} Re3 22. g3 Rxd3 23. gxf4 Rxf3 24. f5 $146 g5 25. a4 h5 26. Rd1 Rf4 (26... Rc8 $5 {[%cal Rc8c4]} 27. b3 Rc7 $14) 27. Bb3 $36 {[%mdl 2048] White is more active.} Rd4 28. Rxd4 Bxd4 $14 {[%mdl 4096] Endgame KRB-KRB} 29. c3 Be3 $1 30. Bd1 Kg7 $1 31. h3 {[%cal Bh2h3,Bh3g4][%mdl 32]} Kh6 32. Re5 Bf4 33. Re7 Rd8 34. Be2 f6 $2 (34... Rd2 $16) 35. a5 ({Much less strong is} 35. Rxa7 $6 g4 $18) 35... g4 36. hxg4 h4 $2 (36... hxg4 37. Bxg4 Rg8) 37. Rxa7 $18 h3 38. Re7 h2 39. Bf3 Rd6 40. Re1 Kg5 41. Kc2 Rd2+ 42. Kb3 Bg3 43. Ra1 Bf2 44. a6 Kf4 45. Bh1 ({Not} 45. a7 Bxa7 46. Bb7 Bc5 $17) 45... Ba7 46. Re1 Kxg4 (46... Rd6 {was necessary.} 47. Re2 Rxa6) 47. Re4+ (47. Re7 $18 {is the precise move to win.} Rd1 48. Bg2) 47... Kxf5 $16 48. Re7 Bg1 49. a7 Bxa7 50. Rxa7 {Strongly threatening Rh7. KRB-KR} Rd1 51. Bg2 $1 Rd2 {[#]} 52. Bh1 (52. Bh3+ $142 $1 Ke5 53. Ra1) 52... Rd1 $1 53. Bg2 (53. Ba8 $142 {Black must now prevent Rh7.} Rd8 54. Bc6) 53... Rd2 $1 {[%cal Rd2g2] [#]} 54. Bh3+ $1 Kf4 55. Ra1 Kg3 56. Bc8 Rd8 57. Bf5 Rd5 $2 {[%mdl 8192]} (57... Rh8 $16) 58. Be4 $18 Re5 59. Bh1 f5 60. Kc4 Kf2 $2 (60... f4 61. Kd4 Re7) 61. b4 {[%cal Bb2b4,Bb4b5,Bb5b6,Bb6b7][%mdl 32]} f4 62. b5 f3 63. b6 {Threatening mate with b7.} Kg3 64. b7 Re8 65. Kc5 {Precision: White = 79%, Black = 45%.} 1-0